| 000 | 01625nam a2200373 c 4500 | ||
|---|---|---|---|
| 999 |
_c159847 _d159847 |
||
| 003 | BLK | ||
| 005 | 20220208154711.0 | ||
| 008 | 180410b bul|||||r ||||||| ||bul|| | ||
| 010 | _aKNG00167046000 | ||
| 040 | _aBLK | ||
| 041 |
_aBUL _cBUL |
||
| 072 | 7 |
_2bullib _aК _xКраезнание |
|
| 080 |
_aИкономическо положение. Икономическа политика. Управление. Планиране. Производство. Услуги. Цени _b338 _x(497.215) _z338(497.215) |
||
| 100 | 1 |
_aДяковски, Тодор _eпърви автор _9334653 |
|
| 139 |
_aДяковски, Тодор _bД 99 |
||
| 245 | 1 | 0 |
_aСоциално-икономическото развитие на Русенски окръг през шестата петилетка _cТодор Дяковски. |
| 257 | _aBGR | ||
| 260 |
_bОК на БКП _c1972 |
||
| 300 |
_a109 с. _bс ил. _c15Х21 см |
||
| 380 | _a3 | ||
| 500 | _aКор. загл. Русенски окръг през шестата петилетка. - Изд. на ОК на БКП-Русе. Дом за полит. просвета | ||
| 650 | 4 |
_aРусе - стопанско развитие _9275828 |
|
| 651 | 4 |
_aБългария _9241624 |
|
| 651 | 4 |
_aРусе _9179462 |
|
| 653 | _aикономика | ||
| 653 | _aсоциализъм | ||
| 653 | _aстатистика | ||
| 659 | _aК | ||
| 852 | _aЦб І 13138 | ||
| 852 | _aК 338/Д 99 П | ||
| 856 | 4 | _qpdf | |
| 856 | 4 | _qpdf | |
| 942 |
_cKNG _n0 _s1 |
||
| 944 |
_aCR _c07.11.2014 _l07.11.2014 - от С1,Р / 07.11.2014 _kВаля_Йорданова |
||
| 944 |
_aED _c07.11.2014 _l07.11.2014 - от С1,Р / 07.11.2014 |
||
| 999 | _d159847 | ||